| 000 | 01402nam a2200313 i 4500 | ||
|---|---|---|---|
| 003 | DO-SdBNP | ||
| 005 | 20260605135829.0 | ||
| 007 | ta | ||
| 008 | 260605e20222025dr a|||jr|||||||| | spa d | ||
| 020 | _a9789945245950. | ||
| 040 |
_aDO-SdBNP _bspa _cBNPHU _erda |
||
| 041 | _aspa | ||
| 082 |
_bS211p 2025 _222 |
||
| 100 |
_aSánchez Beras, César, _d1962- _913221 _eautor |
||
| 245 |
_aPequeño mundo literario : _bdrama, sonetillos y leyenda / _cCésar Sánchez Beras ; ilustrador: Ruddy Núñez. |
||
| 250 | _aSegunda edición. | ||
| 264 |
_aSanto Domingo, República Dominicana : _bSantillana Infantil y Juvenil, _c2025. |
||
| 300 |
_a179 páginas : _bIlustraciones ; _c20 cm. |
||
| 336 |
_atexto _btxt _2rdacontent |
||
| 337 |
_asin mediación _bn _2rdamedia |
||
| 338 |
_avolumen _bnc _2rdacarrier |
||
| 490 | _aLoqueleo | ||
| 500 | _aEn la página 179 hay una pequeña biografía del autor. | ||
| 520 | _aPequeño mundo literario» es una joya literaria que invita a los jóvenes lectores a sumergirse en un mundo donde la imaginación y la tradición se entrelazan. Compuesto de un drama, varios sonetos y una leyenda que no solo entretienen, sino que también enseñan el valor de la amistad y la emoción de las aventuras. | ||
| 590 | _aInventariado, 2026/WG. | ||
| 650 | 0 |
_aPoesías infantiles dominicanas _977602 |
|
| 700 |
_aNúñez, Ruddy _923171 _eilustrador |
||
| 942 |
_2ddc _cLBS1 |
||
| 999 |
_c60854 _d60854 |
||